000 01604nam a2200433 i 4500
001 31495
003 KOSZ 005
005 20200512144830.0
008 980713s1996 pl a f f |000 0 pol
015 _aPB 3558/97
020 _a8390085399
040 _aWA N
_cWA N
_dKOSZ 005/HR
046 _k1996
080 _a62-1/-8
080 _a004
080 _a(075.8)
100 1 _aŻółtowski, Bogdan
_d(1947- )
_eAutor
245 1 0 _aPodstawy diagnostyki maszyn /
_cBogdan Żółtowski.
260 _aBydgoszcz :
_bWydawnictwo Uczelniane Akademii Techniczno-Rolniczej,
_c1996.
300 _a467 s. :
_brys., wykr. ;
_c24 cm.
336 _2rdacontent
_aTekst
_btxt
337 _2rdamedia
_aBez urządzenia pośredniczącego
_bn
338 _2rdacarrier
_aWolumin
_bnc
380 _aKsiążki
380 _aPublikacje dydaktyczne
385 _mPoziom nauczania
_aSzkoły wyższe
388 _a1901-2000
388 _a1989-2000
504 _aBibliogr. przy rozdz.
521 _aDla studentów uczelni tech., pracowników pionu tech. w zakładach przemysłowych oraz studentów studiów podyplomowych, doktoranckich, pracowników nauk.
658 _aInżynieria i technika
655 4 _aPodręczniki akademickie
650 4 _aOptymalizacja
650 4 _aDiagnostyka techniczna
650 4 _aMaszyny
710 2 _aAkademia Techniczno-Rolnicza im. Jana i Jędrzeja Śniadeckich (Bydgoszcz).
_bWydawnictwa Uczelniane.
_4pbl.
856 _uhttp://koha.tu.koszalin.pl/cgi-bin/koha/opac-detail.pl?biblionumber=31495
_yKatalog online BPK
942 _2udc
_cKS
999 _c31495
_d31495